000 00780cab a2200205 4500
001 ABS47073
008 090401t1992 xxu||||| |||| 00| 0 eng d
035 _a(Sirsi) u60703
041 _aeng
100 _aPartridge, C.
245 _aPaging systems
260 _c1992
350 _a0
490 _aBuilding
_v257(7761) 11 September 1992, 58-59(2)
520 _aAssesses the impact of Desk Top Publishing through the use of a good personal computer system and a laser printer. Outlines factors to be taken into consideration before setting up an inhouse Desk Top Publishing system such as quality and preference for colour images.
650 _aDESK TOP PUBLISHING
690 _aMANAGEMENT-BUSINESS MANAGEMENT-INFORMATION MANAGEMENT
942 _n0
948 _c04/03/1997
999 _c37500
_d37500